| 000 | 00405nam a22001697a 4500 | ||
|---|---|---|---|
| 003 | SGT | ||
| 020 | _a9789283245001 | ||
| 082 |
_a616.07 _bW19W |
||
| 100 | _aWHO | ||
| 245 | _aWHO CLASSIFICATION OF TUMOURS: BREAST TUMOURS | ||
| 250 | _a5TH | ||
| 260 |
_aFRANCE _bWHO PUB. _c2019 |
||
| 300 | _a356 | ||
| 650 | _aPATHOLOGY | ||
| 653 | _aWHO CLASSIFICATION OF TUMOURS: BREAST TUMOURS | ||
| 942 |
_2ddc _cBK |
||
| 999 |
_c23265 _d23265 |
||